Nghệ thuật chữ viết
محفوظ في:
| المؤلف الرئيسي: | |
|---|---|
| التنسيق: | كتاب |
| اللغة: | Undetermined |
| منشور في: |
Vũng tàu-Côn đảo
Hội nông dân Việt Nam
1990
|
| الموضوعات: | |
| الوسوم: |
إضافة وسم
لا توجد وسوم, كن أول من يضع وسما على هذه التسجيلة!
|
| Thư viện lưu trữ: | Trung tâm Học liệu Trường Đại học Cần Thơ |
|---|
| LEADER | 00575nam a2200181Ia 4500 | ||
|---|---|---|---|
| 001 | CTU_9595 | ||
| 008 | 210402s9999 xx 000 0 und d | ||
| 082 | |a 745.61 | ||
| 082 | |b T305 | ||
| 100 | |a Kiều Văn Tiến | ||
| 245 | 0 | |a Nghệ thuật chữ viết | |
| 245 | 0 | |c Kiều Văn Tiến, Phan An | |
| 260 | |a Vũng tàu-Côn đảo | ||
| 260 | |b Hội nông dân Việt Nam | ||
| 260 | |c 1990 | ||
| 650 | |a calligraphy,letter writing | ||
| 904 | |i Nguyễn Quang Điền, 960930 | ||
| 980 | |a Trung tâm Học liệu Trường Đại học Cần Thơ | ||